Universidad Católica del Uruguay : el largo camino hacia la diversidad /
Historia de la Universidad Católica del Uruguay con motivo de su vigésimo aniversario de fundación; se trata de la mayor institución universitaria católica de su país; está confiada a la Compañía de Jesús. Su historia se remonta a mediados del siglo XIX, cuando surgieron varias iniciativas de la Igl...
Furkejuvvon:
| Váldodahkki: | |
|---|---|
| Searvvušdahkki: | |
| Eará dahkkit: | |
| Materiálatiipa: | Girji |
| Giella: | espánnjágiella |
| Fáttát: | |
| Fáddágilkorat: |
Eai fáddágilkorat, Lasit vuosttaš fáddágilkora!
|
MARC
| LEADER | 00000nam^a2200000^a^4500 | ||
|---|---|---|---|
| 001 | 000187069 | ||
| 005 | 20250521000000.0 | ||
| 009 | 20260310102247.642 | ||
| 020 | |a 9974-631-10-6 | ||
| 037 | |a Acervo ITESO - Biblioteca | ||
| 041 | |a ESP | ||
| 082 | |a 378. 895 |b UNI UCU-h | ||
| 100 | |a Monreal, Susana |e (autor) | ||
| 245 | 1 | 0 | |a Universidad Católica del Uruguay : |b el largo camino hacia la diversidad / |c S. Monreal ; presen. de A. Ocaña Pasquau ; pról. de José Squadroni. |
| 264 | |a Montevideo, Uruguay : |b Universidad Católica del Uruguay Dámaso Antonio Larrañaga, |c 1994- | ||
| 300 | |a 413 p. | ||
| 336 | |a texto |b txt |2 rdacontenido | ||
| 337 | |a sin mediación |b n |2 rdamedio | ||
| 338 | |a volumen |b nc |2 rdasoporte | ||
| 520 | |a Historia de la Universidad Católica del Uruguay con motivo de su vigésimo aniversario de fundación; se trata de la mayor institución universitaria católica de su país; está confiada a la Compañía de Jesús. Su historia se remonta a mediados del siglo XIX, cuando surgieron varias iniciativas de la Iglesia Católica para ofrecer educación superior; después de varias etapas, en 1984 se autorizó su funcionamiento, siendo la primera universidad privada en funcionar en Uruguay. | ||
| 649 | |a XX | ||
| 650 | |a Jesuitas en la Educación - |z Uruguay | ||
| 650 | |a Universidades Privadas - |z Montevideo, Uruguay - |x Historia - |y Siglo XX | ||
| 650 | |a Universidades Privadas - |z Uruguay - |x Historia - |y Siglo XX | ||
| 650 | |a Universidades Católicas - |z Montevideo, Uruguay - |x Historia - |y Siglo XX | ||
| 650 | |a Universidades Católicas - |z Uruguay - |x Historia - |y Siglo XX | ||
| 650 | |a Instituciones Educativas - |z Montevideo, Uruguay - |x Historia - |y Siglo XX | ||
| 650 | |a Instituciones Educativas - |z Uruguay - |x Historia - |y Siglo XX | ||
| 650 | |a Educación Privada - |z Montevideo, Uruguay - |x Historia - |y Siglo XX | ||
| 650 | |a Educación Privada - |z Uruguay - |x Historia - |y Siglo XX | ||
| 650 | |a Educación Superior - |z Montevideo, Uruguay - |x Historia - |y Siglo XX | ||
| 650 | |a Educación Superior - |z Uruguay - |x Historia - |y Siglo XX | ||
| 650 | |a Universidad Católica del Uruguay Dámaso Antonio Larrañaga - |x Tema Principal | ||
| 710 | |a Universidad Católica del Uruguay Dámaso Antonio Larrañaga | ||
| 700 | |a Ocaña Pasquau, Antonio |e (presentación) | ||
| 910 | |a Fondo General | ||
| 920 | |a Impresos - Libros | ||
| 930 | |a Colección General | ||
| 905 | |a 101 | ||
| 901 | |a 0500128947 |b IT1 |c ACC |u 20250521 | ||
| 902 | |a https://opac.biblio.iteso.mx/vufind/Record/000187069 | ||